000 00595nam a22002297a 4500
003 OSt
005 20140310182911.0
008 130128t xxu||||| |||| 00| 0 eng d
020 _a9789712346941
050 _aGV436
_b.Oy98 2007
082 _aFIL 613.7
_bOy1 2007
245 _aPhysical fitness for college freshmen
_cOyco, Virginia D.
250 _arevised ed.
260 _aManila
_bRex Book Store
_cc2000
300 _a131 p.
_c22.2 cm.
521 _acollege students
526 _c1210L-1700L
541 _j1
541 _j2
562 _e2
942 _2lcc
_cBK
_kFIL
999 _c17221
_d17221